|
|
|
|
| LEADER |
00764nam a22002297a 4500 |
| 001 |
1073 |
| 003 |
BD-DhAAL |
| 008 |
151222m19951980ii a|||| |||| 001 0 eng d |
| 020 |
|
|
|a 0706999282
|
| 040 |
|
|
|a BD-DhAAL
|c BD-DhAAL
|
| 082 |
|
|
|a 658/.007/1073651.3
|
| 100 |
|
|
|a Arora, S. P.
|9 16915
|
| 245 |
|
|
|a Office organisation and management /
|c S. P. Arora
|
| 250 |
|
|
|a 2nd rev. ed.
|
| 260 |
|
|
|a New Delhi :
|b Vikas Publishing,
|c 1995
|
| 300 |
|
|
|a x, 570 p. :
|b ill. ;
|c 22 cm.
|
| 500 |
|
|
|a Includes index
|
| 541 |
|
|
|e 1073
|
| 650 |
|
|
|a Office management.
|9 16916
|
| 942 |
|
|
|2 ddc
|c BK
|
| 999 |
|
|
|c 36433
|d 36433
|
| 952 |
|
|
|0 0
|1 0
|2 ddc
|4 0
|6 658_000000000000000__007_1073651_3_ARO
|7 0
|9 57335
|a SCL
|b SCL
|c GEN
|d 2015-12-22
|l 0
|o 658.0071073651.3 ARO
|p 3020001073
|r 2015-12-22
|t 1
|w 2015-12-22
|y BK
|